000 00524cam a22002054a 4500
005 20250605164333.0
008 250528s ||||||||||||||||||||||||d
035 _a23308
020 _a9609604023998
040 _aGR-AtMCL
_bgre
_dGR-AtMCL
_eAACR2
245 1 _aΗ Ανάπτυξη των Παιδιών, Τόμος Α
250 _a
260 _bΤυπωθητω,
_c2011
300 _a635
700 1 _aCole Michael
_93056
700 1 _aCole Sheila R
_93057
942 _cBK
999 _c8335
_d8335